Statistical Yearbook of Greece 1997

Salvato in:
Dettagli Bibliografici
Natura: Libro
Lingua:greco
inglese
Pubblicazione: Athens National Statistical Service of Greece 1998
Soggetti:
Tags: Aggiungi Tag
Nessun Tag, puoi essere il primo ad aggiungerne!!

MARC

LEADER 00000nam a2200000 4500
001 c125006
005 20221123133457.9
022 |a 0081-5071 
041 0 |a gre 
041 0 |a eng 
044 |a GR 
245 1 0 |a Statistical Yearbook of Greece 1997 
264 1 |a Athens  |b National Statistical Service of Greece  |c 1998 
300 |a 536 s. 
610 2 0 |a Grécko